Atmospheric ecology for designers and planners / (Record no. 15977)

MARC details
000 -LEADER
fixed length control field 01008cam a2200313 a 4500
001 - CONTROL NUMBER
control field 551219
003 - CONTROL NUMBER IDENTIFIER
control field 000
005 - DATE AND TIME OF LATEST TRANSACTION
control field 20170825151631.0
007 - PHYSICAL DESCRIPTION FIXED FIELD--GENERAL INFORMATION
fixed length control field 000
008 - FIXED-LENGTH DATA ELEMENTS--GENERAL INFORMATION
fixed length control field 890414s1988 orua b 001 0 eng
010 ## - LIBRARY OF CONGRESS CONTROL NUMBER
LC control number 88090598
020 ## - INTERNATIONAL STANDARD BOOK NUMBER
International Standard Book Number 0929002075
040 ## - CATALOGING SOURCE
Original cataloging agency UOEL
Transcribing agency DLC
Modifying agency DLC
050 00 - LIBRARY OF CONGRESS CALL NUMBER
Classification number QH543
Item number .L6 1988
082 00 - DEWEY DECIMAL CLASSIFICATION NUMBER
Classification number 628/.01/5515
Edition number 20
100 1# - MAIN ENTRY--PERSONAL NAME
Personal name Lowry, William P.,
Dates associated with a name 1927-
245 10 - TITLE STATEMENT
Title Atmospheric ecology for designers and planners /
Statement of responsibility, etc. William P. Lowry ; with illustrations by Samuel C. Lowry.
260 ## - PUBLICATION, DISTRIBUTION, ETC. (IMPRINT)
Place of publication, distribution, etc. McMinnville, Or. :
Name of publisher, distributor, etc. Peavine Publications,
Date of publication, distribution, etc. 1988.
300 ## - PHYSICAL DESCRIPTION
Extent 435 p. :
Other physical details ill. ;
Dimensions 23 cm.
500 ## - GENERAL NOTE
General note Includes indexes.
504 ## - BIBLIOGRAPHY, ETC. NOTE
Bibliography, etc Bibliography: p. 415-418.
650 #0 - SUBJECT ADDED ENTRY--TOPICAL TERM
Topical term or geographic name as entry element Municipal engineering.
Topical term or geographic name as entry element Environmental engineering.
Topical term or geographic name as entry element Atmospheric physics.
Topical term or geographic name as entry element Climatology.
906 ## - LOCAL DATA ELEMENT F, LDF (RLIN)
a 7
b cbc
c orignew
d 2
e opcn
f 19
g y-gencatlg
942 ## - ADDED ENTRY ELEMENTS (KOHA)
Source of classification or shelving scheme Library of Congress Classification
Koha item type SES Book
Holdings
Withdrawn status Lost status Source of classification or shelving scheme Damaged status Not for loan Home library Current library Shelving location Date acquired Total Checkouts Full call number Barcode Date last seen Copy number Price effective from Koha item type
    Library of Congress Classification     UOE Main Library UOE Main Library Open shelf 25/08/2017   QH543 .L6 1988 10036432 27/04/2026 10036432 25/08/2017 SES Book
    Library of Congress Classification     UOE Main Library UOE Main Library Open shelf 25/08/2017   QH543 .L6 1988 10036433 27/04/2026 10036433 25/08/2017 SES Book